| 000 | 09552nam a22007218a 4500 | ||
|---|---|---|---|
| 005 | 2009120400410.0 | ||
| 008 | 090417s2009 ii 000 0 eng | ||
| 010 | _aB-363445-485 | ||
| 020 |
_a9788188222643 _c265.00 |
||
| 035 | _aB-363445-485 | ||
| 037 | _bDBAD / VEN | ||
| 040 |
_adpl _bEnglish |
||
| 082 | _a610.76 | ||
| 245 | _aAIIMS (All India Institute of Medical Science, Delhi) MBBS entrance exam | ||
| 260 |
_aMeerut _bArihant Prakashan _c2009 |
||
| 270 |
_aKalindi, TP Nagar, _bMeerut |
||
| 300 |
_aVarious pagings _c24cm(pbk) |
||
| 490 | _a2Edge series | ||
| 500 | _aSolved papers (1999-2009) & 5 mock tests | ||
| 942 |
_2ddc _cEN _mAII _h610.76 |
||
| 999 |
_c32102 _d32102 |
||